Western world costume an outline history

Wedi'i Gadw mewn:
Manylion Llyfryddiaeth
Prif Awdur: Carolyn G Bradley
Fformat: Llyfr
Iaith:Undetermined
Cyhoeddwyd: New York Appleton-century-crafts
Pynciau:
Tagiau: Ychwanegu Tag
Dim Tagiau, Byddwch y cyntaf i dagio'r cofnod hwn!
Thư viện lưu trữ: Trung tâm Học liệu Trường Đại học Cần Thơ
LEADER 00494nam a2200169Ia 4500
001 CTU_6365
008 210402s9999 xx 000 0 und d
082 |a 391.0084 
082 |b B811 
100 |a Carolyn G Bradley 
245 0 |a Western world costume an outline history 
245 0 |c Carolyn G Bradley 
260 |a New York 
260 |b Appleton-century-crafts 
650 |a costume 
904 |i Nguyễn Quang Điền, 960820 
980 |a Trung tâm Học liệu Trường Đại học Cần Thơ